| 000 | 00952cam a2200229 i 4500 | ||
|---|---|---|---|
| 999 |
_c11328 _d11328 |
||
| 003 | OSt | ||
| 005 | 20230309130246.0 | ||
| 008 | 171213s2019 nyua b 001 0 eng | ||
| 020 | _a9789353439682 | ||
| 082 | 0 | 0 |
_a001.4 _223 _bPAU |
| 100 | 1 |
_aLeedy, Paul D., _eauthor. |
|
| 245 | 1 | 0 |
_aPractical research : _bplanning and design / _cPaul D. Leedy, Late of American University and Jeanne Ellis Ormrod, University of Northern Colorado (Emerita) ; with Laura Ruth Johnson, Northern Illinois University. |
| 250 | _aTwelfth edition. | ||
| 300 |
_axx, 441 pages : _bcolor illustrations ; _c27 cm |
||
| 504 | _aIncludes bibliographical references and index. | ||
| 650 | 0 |
_aResearch _xMethodology. |
|
| 700 | 1 |
_aOrmrod, Jeanne Ellis, _eauthor. |
|
| 700 | 1 |
_aJohnson, Laura Ruth, _eauthor. |
|
| 906 |
_a7 _bcbc _corignew _d1 _eecip _f20 _gy-gencatlg |
||
| 942 | _2ddc | ||